Sports Quiz

Random Sports or Soccer Quiz

Both Played and Managed in EPL Quiz Stats

 Plays Quiz not verified by Sporcle

Support Sporcle.
Go Orange.
Score 0/33 Timer 05:00
0 Plays Today
Played for Players/Managers % Correct
Manchester UnitedSteve Bruce
87.9%
Manchester United, Chelsea, Southampton, Everton, Blackburn RoversMark Hughes
87.5%
ChelseaRoberto Di Matteo
83.9%
ChelseaGianfranco Zola
73.8%
ArsenalTony Adams
73.5%
SouthamptonMicky Adams
72.6%
Manchester UnitedRoy Keane
69.3%
Manchester United, Liverpool, Middlesbrough, Wolverhampton WanderersPaul Ince
68.1%
Blackburn Rovers, Newcastle UnitedAlan Shearer
67.6%
ChelseaRuud Gullit
67.1%
Queens Park RangersIan Holloway
65.5%
Arsenal, LeedsDavid O'Leary
61.2%
Bolton WanderersOwen Coyle
61.2%
Nottingham Forest, Newcastle United, West Ham UnitedStuart Pearce
59.4%
Manchester United, MiddlesbroughBryan Robson
57.9%
Crystal Palace, Aston Villa, MiddlesbroughGareth Southgate
57.9%
ChelseaGianluca Vialli
55.3%
Played for Players/Managers % Correct
Crystal Palace, Blackburn RoversChris Coleman
54.9%
ChelseaGlenn Hoddle
53.9%
ChelseaSteve Clarke
53.1%
Leeds United, Coventry CityGordon Strachan
47.6%
Leicester CityRoberto Mancini
44.5%
Southampton, Crystal Palace, West Ham UnitedIain Dowie
43.9%
Norwich CityGary Megson
37.9%
Manchester City, SouthamptonPeter Reid
36.7%
Sheffield WednesdayDanny Wilson
33.3%
WimbledonLawrie Sanchez
33.2%
Nottingham ForestBrian Laws
28.6%
Sheffield Wednesday, Leeds UnitedNigel Worthington
24.6%
Queens Park Rangers, Crystal PalaceRay Wilkins
23%
Crystal PalaceAttilio Lombardo
19.1%
Sheffield WednesdayTrevor Francis
17.2%
EvertonDave Watson
11.2%

You're not logged in!

Compare scores with friends on all Sporcle quizzes.
OR
Log In

From the Vault

This 'With' That Movies

by MrChewypoo

You can get with this, or you can get with that.
Remove Ads.
Support Sporcle.
Get the best of Sporcle when you Go Orange. This ad-free experience offers more features, more stats, and more fun while also helping to support Sporcle. Thank you for becoming a member.

Show Comments

Extras

Top Quizzes Today


Score Distribution

Your Account Isn't Verified!

In order to create a playlist on Sporcle, you need to verify the email address you used during registration. Go to your Sporcle Settings to finish the process.

Report this User

Report this user for behavior that violates our Community Guidelines.

Details: